Routledge companion to caste and cinema in India (Record no. 397283)

MARC details
000 -LEADER
fixed length control field 00617 a2200217 4500
005 - DATE & TIME
control field 20260427154750.0
008 - FIXED-LENGTH DATA ELEMENTS--GENERAL INFORMATION
fixed length control field 260427b |||||||| |||| 00| 0 eng d
020 ## - ISBN
International Standard Book Number 9781032534541
Price Rs. 1595.00
040 ## - CATALOGING SOURCE
Original cataloging agency VIVEKANANDA LIBRARY
082 ## - DDC NUMBER
Classification number 791.430954
Book Number J776R
100 ## - MAIN ENTRY--PERSONAL NAME
Personal name Abraham, Joshil K, ed.
245 ## - TITLE STATEMENT
Title Routledge companion to caste and cinema in India
260 ## - PUBLICATION, DISTRIBUTION, ETC. (IMPRINT)
Name of publisher, distributor, etc Routledge
Date of publication, distribution, etc 2026
Place of publication, distribution, etc New York
300 ## - PHYSICAL DESCRIPTION
Pages xvii, 421
650 ## - Subject
Subject Caste- India
650 ## - Subject
Subject Caste in Motion Pictures
650 ## - Subject
Subject Mass Media and Society India
650 ## - Subject
Subject Cinema- India
700 ## - Added Entry Personal Name
Added Entry Personal Name Barak, Misrahi Judith, ed.
942 ## - ADDED ENTRY ELEMENTS (KOHA)
Koha item type Books
Holdings
Withdrawn status Lost status Source of classification or shelving scheme Damaged status Not for loan Location (home branch) Sublocation or collection (holding branch) Shelving location Date acquired Koha issues (times borrowed) Koha full call number Accession No. Koha date last seen Koha item type
    Dewey Decimal Classification     VIVEKANANDA LIBRARY VIVEKANANDA LIBRARY Vivekananda Library 01/04/2026   791.430954 J776R 450094 01/04/2026 Books
© Designed and Maintained by Vivekananda Library, MDU Rohtak